[Event "Moehnesee Cup-A 37th"]
[Site "Moehnesee"]
[Date "2011.09.04"]
[Round "6"]
[White "Rumpler, Horst Dieter"]
[Black "Elster, Ulrich"]
[Result "0-1"]
[WhiteElo "2014"]
[BlackElo "1778"]
[PlyCount "42"]
[EventDate "2011.09.01"]
[EventType "swiss"]
[EventRounds "7"]
[EventCountry "GER"]
[SourceTitle "EXT 2013"]
[Source "ChessBase"]
[SourceDate "2012.11.22"]
[SourceVersion "1"]
[SourceVersionDate "2012.11.22"]
[SourceQuality "1"]

1. f4 c5 2. Nf3 Nc6 3. e3 g6 4. Bb5 Bg7 5. Bxc6 bxc6 6. 0-0 Nf6 7. d3 0-0 8. e4 Qb6 9. c4 d5 10. e5 Ne8 11. Nc3 dxc4 12. dxc4 Qb4 13. Qa4 Be6 14. Nd2 Nc7 15. Qxc6 Rac8 16. Qa4 Qb7 17. Nde4 Rfd8 18. Be3 Na6 19. Rad1 Bf5 20. Rxd8+ Rxd8 21. Qb5 Bxe4 0-1

[Event "Moehnesee Cup-A 37th"]
[Site "Moehnesee"]
[Date "2011.09.03"]
[Round "4"]
[White "Elster, Ulrich"]
[Black "Schumacher, Olaf"]
[Result "0-1"]
[WhiteElo "1778"]
[BlackElo "2219"]
[PlyCount "72"]
[EventDate "2011.09.01"]
[EventType "swiss"]
[EventRounds "7"]
[EventCountry "GER"]
[SourceTitle "EXT 2013"]
[Source "ChessBase"]
[SourceDate "2012.11.22"]
[SourceVersion "1"]
[SourceVersionDate "2012.11.22"]
[SourceQuality "1"]

1. d4 Nf6 2. c4 e6 3. g3 d5 4. Bg2 dxc4 5. Nf3 c6 6. Qc2 b5 7. a4 Bb7 8. Nc3 a6 9. 0-0 Be7 10. Rd1 0-0 11. Ne4 Nxe4 12. Qxe4 Nd7 13. Ne5 Nxe5 14. Qxe5 Bd6 15. Qh5 Qe7 16. Be3 f5 17. Bg5 Qf7 18. Qf3 e5 19. Qe3 Rfe8 20. dxe5 Bxe5 21. Qa3 h6 22. Be3 Qf6 23. Rd2 c3 24. Rd7 cxb2 25. Rb1 Bc8 26. Rd3 Rb8 27. f4 Bc7 28. Rxb2 Rxe3 29. Rxe3 Bb6 30. Rd2 b4 31. Qd3 Be6 32. Kf1 Bxe3 33. Qxe3 b3 34. Qd3 b2 35. Qb1 Qc3 36. Rc2 Qxc2 0-1

[Event "Moehnesee Cup-A 37th"]
[Site "Moehnesee"]
[Date "2011.09.02"]
[Round "3"]
[White "Roos, Thomas"]
[Black "Elster, Ulrich"]
[Result "1-0"]
[WhiteElo "2193"]
[BlackElo "1778"]
[PlyCount "61"]
[EventDate "2011.09.01"]
[EventType "swiss"]
[EventRounds "7"]
[EventCountry "GER"]
[SourceTitle "EXT 2013"]
[Source "ChessBase"]
[SourceDate "2012.11.22"]
[SourceVersion "1"]
[SourceVersionDate "2012.11.22"]
[SourceQuality "1"]

1. d4 Nf6 2. c4 g6 3. Nc3 d5 4. cxd5 Nxd5 5. e4 Nxc3 6. bxc3 Bg7 7. Bc4 c5 8. Ne2 Nc6 9. Be3 0-0 10. 0-0 Qc7 11. Rc1 Rd8 12. Bf4 Qd7 13. d5 Na5 14. Bb3 a6 15. c4 b5 16. cxb5 Qxb5 17. Ba4 Qb6 18. Rb1 Qa7 19. Qe1 Nb7 20. Bc7 Rd6 21. Bc6 c4 22. Qb4 Bg4 23. Bxb7 Bxe2 24. Bxd6 exd6 25. Bxa8 Qxa8 26. Qb8+ Qxb8 27. Rxb8+ Bf8 28. Rc8 Kg7 29. Rc1 Be7 30. R1xc4 Bxc4 31. Rxc4 1-0

[Event "Moehnesee Cup 36th"]
[Site "Moehnesee"]
[Date "2010.08.28"]
[Round "5"]
[White "Elster, Ulrich"]
[Black "Wuestehube, Harry"]
[Result "0-1"]
[WhiteElo "1809"]
[BlackElo "1959"]
[PlyCount "68"]
[EventDate "2010.08.26"]
[EventType "swiss"]
[EventRounds "7"]
[EventCountry "GER"]
[SourceTitle "EXT 2011"]
[Source "ChessBase"]
[SourceDate "2010.11.26"]
[SourceVersion "1"]
[SourceVersionDate "2010.11.26"]
[SourceQuality "1"]

1. d4 Nf6 2. c4 g6 3. g3 Bg7 4. Bg2 d6 5. Nf3 0-0 6. 0-0 Nbd7 7. Nc3 c6 8. e4 e5 9. h3 a6 10. a4 Re8 11. Be3 Qc7 12. a5 exd4 13. Nxd4 Ne5 14. b3 c5 15. Nde2 Bd7 16. Qd2 Bc6 17. Ra2 Bf8 18. Bg5 Be7 19. Rd1 Rad8 20. Qf4 Nh5 21. Qc1 f6 22. Be3 Ng7 23. h4 Nf7 24. Nd5 Bxd5 25. Rxd5 f5 26. Qc3 fxe4 27. Bxe4 Bf6 28. Qd3 Qe7 29. Nc3 Bxc3 30. Qxc3 Qxe4 31. Re2 Qf3 32. Qe1 Nf5 33. Rd3 Nxg3 34. Kh2 Qxe2 0-1

[Event "Moehnesee Cup 36th"]
[Site "Moehnesee"]
[Date "2010.08.28"]
[Round "4"]
[White "Weber, Andre"]
[Black "Elster, Ulrich"]
[Result "1/2-1/2"]
[WhiteElo "1982"]
[BlackElo "1809"]
[PlyCount "46"]
[EventDate "2010.08.26"]
[EventType "swiss"]
[EventRounds "7"]
[EventCountry "GER"]
[SourceTitle "EXT 2011"]
[Source "ChessBase"]
[SourceDate "2010.11.26"]
[SourceVersion "1"]
[SourceVersionDate "2010.11.26"]
[SourceQuality "1"]

1. Nf3 Nf6 2. d4 g6 3. c4 Bg7 4. Nc3 d5 5. cxd5 Nxd5 6. e4 Nxc3 7. bxc3 0-0 8. Bc4 Bg4 9. Be3 c5 10. Rb1 Nc6 11. e5 Rc8 12. Be2 cxd4 13. cxd4 Qa5+ 14. Qd2 Rfd8 15. Rxb7 Qxd2+ 16. Nxd2 Bxe2 17. Kxe2 Nxd4+ 18. Bxd4 Rxd4 19. Nf3 Rc2+ 20. Ke3 Rd8 21. g4 g5 22. Rhb1 f5 23. Rxe7 fxg4 1/2-1/2

[Event "Moehnesee Cup 36th"]
[Site "Moehnesee"]
[Date "2010.08.26"]
[Round "1"]
[White "Elster, Ulrich"]
[Black "Niekrens, Stefan"]
[Result "0-1"]
[WhiteElo "1809"]
[BlackElo "2033"]
[PlyCount "50"]
[EventDate "2010.08.26"]
[EventType "swiss"]
[EventRounds "7"]
[EventCountry "GER"]
[SourceTitle "EXT 2011"]
[Source "ChessBase"]
[SourceDate "2010.11.26"]
[SourceVersion "1"]
[SourceVersionDate "2010.11.26"]
[SourceQuality "1"]

1. d4 Nf6 2. Nf3 g6 3. c4 Bg7 4. g3 0-0 5. Bg2 c6 6. 0-0 d5 7. Nc3 dxc4 8. Ne5 Be6 9. e4 Nfd7 10. f4 Nxe5 11. fxe5 Na6 12. a3 Qb6 13. Rb1 Rad8 14. Be3 Bxe5 15. Na4 Qc7 16. Nc3 Bxd4 17. Bxd4 c5 18. Nd5 Bxd5 19. Bc3 Bxe4 20. Qc1 Bxb1 21. Qh6 Rd4 22. Rf4 Qe5 23. Bd5 Qxd5 24. Rh4 g5 25. Rg4 f6 0-1